25 most populated cities in Navarre - Statistics

General Stats
  • This quiz has been taken 84 times
  • The average score is 10 of 25
Answer Stats
Pop. Municipality % Correct
197 k Pamplona
100%
35.4 k Tudela
82%
13.9 k Estella
79%
11.2 k Tafalla
66%
18.2 k Burlada
58%
21.1 k Barañáin
57%
14.1 k Zizur Mayor
54%
7.71 k Altsasu
52%
5.08 k Sangüesa
48%
18.4 k Valle de Egüés
43%
7.81 k Noáin
40%
10.3 k Villava
36%
9.61 k Berriozar
33%
11.0 k Ansoáin
31%
7.78 k Cintruénigo
31%
6.78 k Huarte
31%
7.97 k Baztan
30%
7.88 k Corella
30%
4.84 k Lodosa
25%
5.98 k Peralta
25%
4.06 k Viana
22%
8.58 k Aranguren
19%
6.23 k San Adrián
18%
4.18 k Castejón
16%
6.33 k Berrioplano
15%
No matching quizzes found
Score Distribution
Percent of People with Each Score
Percentile by Number Answered
Your Score History
You have not taken this quiz